Smallest EU Countries - Statistics

General Stats
  • This quiz has been taken 21 times
  • The average score is 8 of 10
Answer Stats
Area (in sq km) Country Area (in sq mi) % Correct
2,586 Luxembourg 998
95%
49,037 Slovakia 18,933
89%
45,227 Estonia 17,462
84%
316 Malta 122
84%
20,273 Slovenia 7,827
84%
30,528 Belgium 11,787
79%
41,850 Netherlands 16,158
79%
56,594 Croatia 21,851
68%
43,094 Denmark 16,639
68%
9,251 Cyprus 3,572
63%
No matching quizzes found
Score Distribution
Percent of People with Each Score
Percentile by Number Answered
Your Score History
You have not taken this quiz